000 01389nam a2200217 a 4500
001 000027765
003 OSt
005 20250925101038.0
007 ta
008 110404s1964 dr ac r 001 0 spa d
040 _aDO-SdBNP
_bspa
_cBNPHU
082 7 4 _a920.07293
_bM516f
_222
100 1 _aMejía Billini Espaillat, Gisela de
_954839
245 1 0 _aFiguras y retablos de ayer / :
_bGisela Mejía Billini de Espaillat.
260 _aSanto Domingo :
_bDel Caribe,
_c1964.
300 _a132 p. :
_bil., retrs, ;
_c24 cm.
505 0 _aEl Padre Billini -- Salomé Ureña de Henríquez -- Ercilia Pepin -- Ramón Cáceres -- El Padre Castellanos -- Francisco Gregorio Billini -- Miguel Angel Garrido -- Emilio Billini Bernal -- Mercedes Laura Aguiar -- Abigail Mejia Soliere -- Luissa Ozema Pellerano -- Enrique Mejía Arredondo -- Enrique Henríquez -- Arístides García Mella -- Don José Jesús Ravelo -- Mercedes Mota -- Pedro Emilio de Marchena -- Francisco J. Peynado -- Emiliano Tejera -- Américo Lugo -- Osvaldo García de la Concha -- (Artículos varios ) Juan Pablo Duarte -- Modas y Modistas de Ayer y Hoy -- Parque Colón, Agora, Cenáculo y Corazón de la República -- Lindbergh en Santo Domingo -- La Exposición de Santiago -- El Teatro La Republicana
651 0 _aRepública Dominicana
_xBiografías
_978065
910 _aValidado. Control de calidad MAA
942 _2ddc
_cLBS1
999 _c27257
_d27257